[Event "Bicaz City Cup 2020"]
[Site "Bicaz"]
[Date "2020.03.06"]
[Round "2.1"]
[White "Morariu, Adrian"]
[Black "Istratescu, Andrei"]
[Result "0-1"]
[WhiteElo "1747"]
[BlackElo "2550"]
[Annotator "TA"]
[PlyCount "77"]
[EventDate "2020.03.05"]
[EventType "swiss"]
[EventCountry "ROU"]
[SourceTitle "playchess.com"]
[Source "ChessBase"]
[SourceQuality "1"]

{[%evp 15,77,-37,-20,-14,-8,-2,-11,-14,-8,-13,2,-37,-24,-28,-24,-35,-31,-31,-38,-81,-94,-96,-52,-32,-10,-98,-112,-161,-165,-184,-166,-170,-169,-169,-131,-200,-127,-115,-117,-106,-93,-202,-199,-197,-198,-284,-275,-269,-261,-335,-242,-343,-340,-386,-385,-446,-443,-547,-552,-717,-712,-883,-866,-29994]} 1. e4 c5 2. Nc3 Nc6 3. f4 g6 4. Nf3 Bg7 5. Be2 d6 6. O-O e6 7. d3 Nge7 8. Qe1 Nd4 9. Bd1 {B23: Closed Sicilian: Lines without g3.} Nec6 {[#]} 10. Nxd4 $146 ({Predecessor:} 10. f5 gxf5 11. exf5 Nxf5 12. Ne4 O-O 13. g4 Nfe7 14. Neg5 Ng6 15. h4 d5 16. h5 Nge5 17. Nxe5 Nxe5 {1-0 (34) Zvarik,M (2296)-Gazik,I (2315) Slovakia 2015}) 10... cxd4 11. Ne2 {The position is equal.} O-O 12. c3 Bd7 13. cxd4 Nxd4 14. Be3 Qb6 $36 {[%mdl 2048] White is under pressure.} 15. Bb3 Nc2 16. Bxb6 Nxe1 17. Bc7 Nxd3 18. Bxd6 Rfc8 ({Much worse is} 18... Nxb2 $6 19. Bxf8 Bxf8 20. Rf3 $14) 19. e5 a5 20. Rf3 (20. Rab1 $11 {remains equal.}) 20... Nxb2 $17 21. a4 Nc4 22. Be7 Nd2 23. Rd3 Nxb3 24. Rxb3 Bc6 25. Rc1 (25. Rd3 $17 {was necessary.}) 25... Bd5 ({Don't play} 25... Bxa4 26. Rxc8+ Rxc8 27. Rxb7 $17) 26. Rbc3 Rxc3 27. Rxc3 Bc6 28. Rb3 (28. Rc4 $17) 28... Bf8 $19 ({Resist} 28... Bxa4 29. Rxb7 Bf8 30. Bxf8 $17) 29. Bxf8 Kxf8 {[%mdl 4096] Endgame KRB-KRN} 30. Nc3 (30. Nd4 {was worth a try.}) 30... Rd8 31. Rb2 h6 32. Nb5 Rd1+ 33. Kf2 Ra1 34. Nc3 Ra3 35. Nb5 Rxa4 {Black is clearly winning.} 36. g3 Ra1 37. Nd6 a4 {[%cal Ba5a4,Ba4a3][%mdl 32]} 38. Nxb7 a3 39. Ke2 {Accuracy: White = 43%, Black = 84%.} 0-1

[Event "Bicaz City Cup 2020"]
[Site "Bicaz"]
[Date "2020.03.06"]
[Round "2.2"]
[White "Manolache, Marius"]
[Black "Morariu, Daniel"]
[Result "1-0"]
[WhiteElo "2541"]
[BlackElo "1744"]
[Annotator "TA"]
[PlyCount "39"]
[EventDate "2020.03.05"]
[EventType "swiss"]
[EventCountry "ROU"]
[SourceTitle "playchess.com"]
[Source "ChessBase"]
[SourceQuality "1"]

{[%evp 11,39,28,29,25,40,12,47,47,45,39,39,34,44,43,127,129,120,131,258,249,329,342,733,718,731,693,866,807,1156,1170]} 1. d4 f5 2. Nc3 d5 3. Bg5 c6 4. e3 Nf6 5. Bxf6 exf6 6. Bd3 g6 7. h4 {A80: Dutch Defence: Unusual White second moves.} h5 8. Nh3 Bh6 9. Ne2 {White is slightly better.} Be6 {[#]} 10. c3 $146 ({Predecessor:} 10. Nhf4 Bf7 11. Qd2 Nd7 12. b3 b5 13. a4 a6 14. g3 O-O 15. O-O Kh8 16. Rfc1 {1-0 (54) Tomilova,E (2307)-Shaydullina,S (2185) Sochi 2017}) 10... Nd7 11. Qc2 Qe7 12. a4 O-O (12... Bf7 $14) 13. Nhf4 $16 Bf7 {[#]} 14. g4 $1 {[%cal Rg4h5][%mdl 512]} hxg4 (14... fxg4 $16 15. Bxg6 (15. Nxg6 Bxg6 16. Bxg6 f5 $14) 15... Qe8) 15. h5 $18 g5 16. Ng6 Bxg6 $2 (16... Qd8 17. Nxf8 Bxf8 18. Bxf5 Nb6 19. Bxg4 Nc4) 17. hxg6 {White is clearly winning.} Bg7 18. Ng3 f4 19. Nf5 {[%cal Rf5e7]} Qd8 20. Rh7 {White took control after the opening. Accuracy: White = 92%, Black = 27%.} 1-0

[Event "Bicaz City Cup 2020"]
[Site "Bicaz"]
[Date "2020.03.06"]
[Round "2.3"]
[White "Sachilaru, Alexandru"]
[Black "Svetushkin, Dmitry"]
[Result "0-1"]
[WhiteElo "1745"]
[BlackElo "2504"]
[Annotator "TA"]
[PlyCount "74"]
[EventDate "2020.03.05"]
[EventType "swiss"]
[EventCountry "ROU"]
[SourceTitle "playchess.com"]
[Source "ChessBase"]
[SourceQuality "1"]

{[%evp 14,74,16,6,25,18,29,27,27,15,37,33,51,26,32,25,32,6,8,0,0,-28,-7,-42,-22,-49,-47,-53,-47,-45,-35,-45,-44,-49,-20,-209,-211,-198,-187,-307,-301,-508,-181,-197,-127,-343,-353,-360,-353,-343,-343,-339,-326,-358,-331,-404,-348,-505,-505,-435,-343,-29991,-29992]} 1. e4 g6 2. d4 Bg7 3. Nf3 d6 4. c3 Nf6 5. Bd3 O-O 6. h3 Nbd7 7. Be3 e5 8. O-O b6 {B07: Pirc Defence: Miscellaneous Systems.} 9. Re1 Bb7 10. Nbd2 h6 {White has an edge.} 11. Qc2 {[#]} Nh5 $146 ({Predecessor:} 11... Re8 12. Rad1 a6 13. a3 Qe7 14. d5 c6 15. dxc6 Bxc6 16. c4 Nc5 17. Bxc5 bxc5 {0-1 (45) Borisenko,V (2284)-Onischuk,V (2614) Lutsk 2016}) 12. Rad1 Qe7 13. Bf1 Rae8 14. dxe5 dxe5 15. Bc4 Kh8 16. Nh2 Nc5 17. f3 Ne6 18. Ndf1 Nhf4 19. Rd2 f5 20. Kh1 fxe4 21. fxe4 Nc5 22. Ng3 h5 {Threatens to win with ...h4.} 23. b4 h4 24. bxc5 $2 (24. Bxc5 $1 $11 {and White has nothing to worry.} bxc5 25. Ne2) 24... hxg3 $19 25. Ng4 Qh4 $1 $36 {[%mdl 2048] Black is on the roll.} (25... bxc5 26. Rf1 $15) 26. Bxf4 (26. Bd5 {might work better.} c6 27. Bb3) 26... exf4 27. Rd7 $2 (27. Bb5 f3 28. Bxe8) 27... Bc8 $2 (27... f3 28. Bd5 Bxd5 29. Rxd5 f2) 28. c6 {e5 would now be nice for White.} Re7 (28... Bxd7 $19 29. cxd7 Rd8) 29. Rxe7 $2 (29. Qd2 $17 {keeps fighting.}) 29... Bxg4 (29... Qxe7 30. e5 $17) 30. Be6 (30. Rxc7 Bxh3 31. gxh3 f3 32. Rf1 Qxh3+ 33. Kg1 g2 34. Kf2 gxf1=Q+ 35. Bxf1 Qh2+ 36. Ke3 Qxc2 37. Rxg7 Qxc3+ 38. Kf2 Qd4+ {[%mdl 64] Double Attack} 39. Ke1 Kxg7 40. e5 Rh8 41. c7 Rh2 42. Bg2 Rxg2 43. c8=Q Rg1#) 30... f3 ({Not} 30... Qxe7 31. Bxg4 Qe5 32. Qe2 $17) 31. Bxg4 (31. Rxg7 {is a self mate.} f2 32. Rg8+ Rxg8 33. Qxf2 gxf2 34. Rf1 Bxe6 35. Kh2 Rf8 36. Kh1 {[#]} Bxh3 $1 {[%mdl 512]} 37. Rxf2 Bxg2+ $1 {[%mdl 512]} 38. Kxg2 Rxf2+ 39. Kg1 Qh2#) 31... f2 {[%cal Rf2e1]} ({Inferior is} 31... Qxe7 32. gxf3 Qd6 33. Rd1 $11) 32. Rf1 Qxe7 33. Qd3 Be5 34. c4 Kg7 35. Be2 (35. Qd5 $142) 35... Rd8 36. Qc2 Qe6 {( -> ...Rh8!)} 37. Bg4 $2 {[#]} (37. Rd1 $19 Rxd1+ 38. Qxd1) 37... Qxg4 $1 {[%mdl 512] Accuracy: White = 41%, Black = 78%.} 0-1

[Event "Bicaz City Cup 2020"]
[Site "Bicaz"]
[Date "2020.03.06"]
[Round "2.4"]
[White "Soltanici, Ruslan"]
[Black "Popa, Marian"]
[Result "1-0"]
[WhiteElo "2403"]
[BlackElo "1716"]
[Annotator "TA"]
[PlyCount "31"]
[EventDate "2020.03.05"]
[EventType "swiss"]
[EventCountry "ROU"]
[SourceTitle "playchess.com"]
[Source "ChessBase"]
[SourceQuality "1"]

{[%evp 12,31,23,10,76,90,177,168,198,191,180,96,141,121,161,131,216,231,256,155,147,156]} 1. d4 Nf6 2. c4 e6 3. g3 c5 4. Nf3 b6 5. Bg2 Bb7 6. d5 exd5 7. Nh4 {[%cal Rc4d5] 7.cxd5 is more advanced technology. Played by Magnus Carlsen in December 2019.} Nc6 {E16: Queen's Indian: 4 g3 Bb7 5 Bg2 Bb4+.} (7... g6 $11 {remains equal.}) 8. cxd5 $16 Nb4 (8... Na5 $16) 9. Nc3 $18 g6 10. a3 Na6 {[#]} 11. Bf4 $146 ({White should play} 11. d6 $18 Bxg2 12. Nxg2) ({Predecessor:} 11. Qd3 d6 12. O-O Bg7 13. Qb5+ Qd7 14. Bf4 Qxb5 15. Nxb5 Bxd5 16. Nxd6+ Kf8 17. e4 {1-0 (34) Nickoloff,B (2430)-Mirza,S (2275) Novi Sad 1990}) 11... Nh5 12. d6 Bxg2 13. Nxg2 {[#] Strongly threatening Qd3.} Nxf4 (13... Bg7 $16 {was called for.}) 14. Nxf4 ({But not} 14. gxf4 $6 b5 $16) 14... Qb8 15. Qa4 {Black must now prevent Qe4+.} Qb7 16. Nfd5 {Accuracy: White = 58%, Black = 10%.} 1-0

[Event "Bicaz City Cup 2020"]
[Site "Bicaz"]
[Date "2020.03.06"]
[Round "2.5"]
[White "Zanfir, Iulian"]
[Black "Baltag, Iulian"]
[Result "0-1"]
[WhiteElo "1718"]
[BlackElo "2391"]
[Annotator "TA"]
[PlyCount "84"]
[EventDate "2020.03.05"]
[EventType "swiss"]
[EventCountry "ROU"]
[SourceTitle "playchess.com"]
[Source "ChessBase"]
[SourceQuality "1"]

{[%evp 9,84,6,22,0,0,3,27,0,0,-10,8,-41,-66,-56,-44,-82,-84,-86,-91,-73,-74,-114,-110,-121,-111,-102,-102,-146,-138,-141,-112,-187,-190,-207,-199,-238,-234,-220,-202,-212,-193,-221,-165,-264,-244,-335,-298,-302,-304,-301,-312,-294,-309,-353,-349,-355,-339,-696,-695,-765,-730,-1131,-1115,-1096,-1089,-1047,-994,-29988,-29989,-29989,-2308,-29990,-2211,-29984,-29985,-29992,-29993]} 1. d4 Nf6 2. Bf4 c5 3. e3 Qb6 4. Nc3 d6 5. Rb1 g6 6. h3 {A45: Trompowsky Attack.} Bg7 7. Nf3 O-O 8. Bc4 {[#] White has an edge.} Qb4 $146 ({Predecessor:} 8... a6 9. O-O Qc7 10. dxc5 Qxc5 11. Bb3 Nbd7 12. Ng5 b5 13. Nce4 Nxe4 14. Nxe4 Qb6 {0-1 (42) Onur,C (1750)-Shuvalova,P (2417) Ankara 2018}) 9. Bb3 Ne4 10. O-O (10. Qd3 {is more complex.} Bf5 11. a3 Qa5 12. O-O Nxc3 13. Qxc3 Qxc3 14. bxc3 Nd7 15. Nd2) 10... Nxc3 11. bxc3 Qxc3 {And now ...c4 would win.} 12. dxc5 Qxc5 13. e4 Nc6 14. Be3 Qa5 15. Qe2 Qc7 16. Bc4 Na5 17. Bd3 Be6 18. c3 b6 ({But not} 18... Bxc3 $2 19. Rfc1 $18) 19. Bd4 f6 20. Nd2 (20. Be3 $17 {might work better.}) 20... Bxa2 $19 21. Ra1 Bf7 22. f4 e5 23. Be3 Rac8 ({Weaker is} 23... Qxc3 24. Rfc1 $11) 24. Ba6 Rcd8 ({Don't take} 24... Qxc3 25. Bxc8 Rxc8 26. Rfe1 $17) 25. c4 Nc6 26. Nf3 (26. f5 {was called for.}) 26... Nb4 27. Rfc1 Nxa6 28. Rxa6 exf4 29. Bxf4 Rfe8 30. Qc2 Qb7 31. Qa2 Qxe4 32. Bd2 d5 {[%cal Rd5c4]} 33. Qa4 $2 (33. c5) 33... dxc4 {Threatens to win with ...Rxd2!} 34. Rxa7 {[#]} Rxd2 $1 {[%mdl 64] Decoy} 35. Nxd2 Qe3+ 36. Kh2 Qf4+ 37. Kh1 Qxd2 38. Rd1 Re1+ 39. Rxe1 Qxe1+ 40. Kh2 Bf8 (40... Bh6 $142 41. Ra8+ Kg7 42. Rg8+ Bxg8 43. Qd7+ Bf7 44. Qg4 Be3 45. Qe4 {[#]} Bd5 $1 {[%mdl 512]} 46. Qe7+ Kh6 47. Qd6 Bg1+ 48. Kh1 Bf2+ 49. Kh2 Qg1#) 41. Ra8 Kg7 42. Qd7 Bc5 {Black took control after the opening. Accuracy: White = 42%, Black = 92%.} 0-1

[Event "Bicaz City Cup 2020"]
[Site "Bicaz"]
[Date "2020.03.06"]
[Round "2.6"]
[White "Danilov, Vladimir"]
[Black "Bulgaru, Daniel-Alexandru"]
[Result "1-0"]
[WhiteElo "2388"]
[BlackElo "1706"]
[Annotator "TA"]
[PlyCount "45"]
[EventDate "2020.03.05"]
[EventType "swiss"]
[EventCountry "ROU"]
[SourceTitle "playchess.com"]
[Source "ChessBase"]
[SourceQuality "1"]

{[%evp 17,45,40,43,38,79,81,73,23,20,2,49,65,60,64,128,119,131,120,129,109,157,165,201,202,300,270,268,265,1181,902]} 1. d4 g6 2. c4 Bg7 3. g3 Nf6 4. Bg2 d5 5. cxd5 Nxd5 6. Nf3 O-O 7. O-O c6 8. e4 Nb6 9. h3 N8d7 10. Nc3 {D74: Fianchetto Grünfeld: Main Line (5 Nf3 0-0 6 cxd5 Nxd5 7 0-0).} Qc7 {[#]} 11. Qc2 $146 ({Predecessor:} 11. Re1 e5 12. d5 Re8 13. Re2 Bf8 14. Rc2 Qd6 15. a4 a5 16. b3 Nf6 17. Ba3 Qd8 18. Bxf8 Kxf8 19. dxc6 Qxd1+ 20. Rxd1 bxc6 {1-0 (33) Kirilmaz,E (1730)-Ates,M (1699) Konya 2017}) 11... e5 12. dxe5 {White is better.} Nxe5 13. Nxe5 Bxe5 14. f4 Bd4+ 15. Kh2 Be6 {[#]} (15... Qe7 $14) 16. Nb5 $1 $16 {[%mdl 512]} Qd8 (16... cxb5 17. Qxc7) 17. Nxd4 Qxd4 18. Rd1 Qc4 19. Qf2 Rad8 20. b3 Qb5 (20... Qb4 $142 21. Be3 Rxd1 22. Rxd1 Re8) 21. Bb2 $18 Qh5 22. Qc2 Bg4 $2 {[#]} (22... Rb8 23. Rd6 Rbe8) 23. Qc3 $1 {[%mdl 512] Accuracy: White = 91%, Black = 22%.} 1-0

[Event "Bicaz City Cup 2020"]
[Site "Bicaz"]
[Date "2020.03.06"]
[Round "2.7"]
[White "Vornicu, Neculai"]
[Black "Dobre, Claudiu-Cristian"]
[Result "0-1"]
[WhiteElo "1714"]
[BlackElo "2312"]
[Annotator "TA"]
[PlyCount "76"]
[EventDate "2020.03.05"]
[EventType "swiss"]
[EventCountry "ROU"]
[SourceTitle "playchess.com"]
[Source "ChessBase"]
[SourceQuality "1"]

{[%evp 9,76,67,74,55,72,79,70,76,82,25,23,20,19,16,20,16,16,16,16,4,20,-117,-129,-489,-482,-461,-439,-452,-439,-434,-422,-487,-479,-479,-460,-490,-459,-566,-576,-563,-567,-576,-575,-578,-556,-652,-662,-730,-741,-904,-883,-1126,-970,-1046,-1043,-1340,-1322,-1502,-1522,-4112,-3682,-29984,-29985,-29987,-29988,-29989,-29990,-29997,-29998]} 1. e4 Nc6 2. Nf3 d6 3. d4 Nf6 4. Nbd2 Bg4 5. c3 e6 6. Be2 {B00: Queen's Fianchetto Defence, Nimzowitsch Defence.} d5 7. e5 Nd7 8. O-O {[#] White is slightly better.} f6 $146 {[%cal Rf6e5]} ({Predecessor:} 8... Ncb8 9. a3 c5 10. b4 c4 11. a4 Be7 12. Ba3 a6 13. Re1 Nc6 14. Nf1 Nb6 {1-0 (37) Evans,G (2152)-Wamala,S (1482) IECG email 1998}) 9. exf6 (9. h3 $16 Bh5 10. Re1) 9... Qxf6 $11 10. Re1 Bd6 11. h3 Bf5 12. Nf1 O-O 13. Ne3 Be4 14. Ng4 Qg6 15. Qd2 (15. Nh4 $11 {keeps the balance.} Qf7 16. f3) 15... h5 $17 16. Ne3 $2 {[%mdl 8192]} (16. Ngh2 $17 {nothing else works.}) 16... Bxf3 $19 17. Bd3 Be4 18. Bxe4 Qxe4 ({But not} 18... dxe4 19. Re2 $19) 19. Nf1 Qf5 20. Qe2 Rae8 21. Be3 a6 22. Nd2 e5 {And now ...exd4 would win.} 23. Nf3 exd4 24. cxd4 Nb4 25. Rad1 Nxa2 26. Nh4 Qf7 27. Rd3 Nb4 28. Rb3 c5 29. Qd2 cxd4 30. Bxd4 {[#]} Qf4 $1 {( -> ...Qh2+)} 31. Be3 Qc4 32. Rc1 Qxb3 33. Rc3 Qa2 34. Bd4 {[#]} Qxb2 $1 35. Qd1 {[#]} (35. Qxb2 Re1#) 35... Nc2 $1 {Black mates.} 36. Rxc2 {[#]} Qxd4 $1 {[%cal Rd4d1]} 37. Rd2 (37. Qxd4 Re1#) 37... Qxh4 38. Rxd5 Qxf2+ {White did not feel at home in the position after the opening. Accuracy: White = 59%, Black = 95%.} 0-1

[Event "Bicaz City Cup 2020"]
[Site "Bicaz"]
[Date "2020.03.06"]
[Round "2.8"]
[White "Bargan, Sergiu"]
[Black "Pitigoi, Sabina-Andreea"]
[Result "1-0"]
[WhiteElo "2258"]
[BlackElo "1687"]
[Annotator "TA"]
[PlyCount "88"]
[EventDate "2020.03.05"]
[EventType "swiss"]
[EventCountry "ROU"]
[SourceTitle "playchess.com"]
[Source "ChessBase"]
[SourceQuality "1"]

{[%evp 15,88,12,9,20,20,7,0,8,62,72,85,83,127,131,162,160,139,171,170,130,117,118,158,110,179,151,202,201,196,166,168,105,106,75,75,77,79,39,45,56,55,47,85,95,190,191,211,206,205,214,208,197,238,212,220,209,175,170,176,154,133,76,76,76,76,76,372,347,219,219,850,829,1525,1518,29977]} 1. e4 c5 2. Nf3 e6 3. d3 d5 4. Nbd2 Nc6 5. g3 Bd6 6. Bg2 Nge7 7. O-O O-O 8. Re1 Ng6 9. exd5 {A08: King's Indian Attack.} exd5 10. d4 cxd4 11. Nb3 {[#] The position is equal.} d3 $146 ({Black should try} 11... Bg4 $11) ({Predecessor:} 11... Nge5 12. Nfxd4 Bg4 13. f3 Bc8 14. c3 Nc4 15. f4 Bc7 16. Qf3 Nb6 17. a4 a5 {1-0 (30) Timpel,K (2275)-Kummle,T Germany 1991}) 12. Qxd3 $14 Nb4 13. Qd1 Bf5 14. Nfd4 Qd7 15. a3 Nc6 16. Nxf5 Qxf5 17. Bxd5 Rad8 18. Be4 Qh3 19. Qf3 Nce5 (19... Nge5 $16 20. Qg2 Qh5) 20. Qg2 $18 Qxg2+ (20... Qh5 $16 {is a better defense.} 21. Bxb7 Nc4) 21. Kxg2 b6 22. Nd4 Bc5 {[#]} 23. Nc6 (23. Nf5 $1 $18) 23... f5 $16 24. Bf3 Nxf3 25. Kxf3 Rd7 26. Ne5 Nxe5+ 27. Rxe5 Rd1 28. b4 $1 $36 {[%cal Rb4c5][%mdl 2048] White has good play.} Bd4 29. Rd5 Bxa1 (29... Re8 $16 {keeps fighting.}) 30. Rxd1 {[%mdl 4096] Endgame KRB-KRB} Rc8 {[#]} 31. Be3 $1 Bb2 32. Rd7 Bxa3 33. Bd4 (33. Rxa7 $6 Bxb4 34. Bd4 (34. Bxb6 Rxc2 35. Bd4 Bf8 $14) 34... Bf8 $14) 33... g6 34. c3 ({Resist} 34. Rxa7 $6 Bxb4 35. Rg7+ (35. Bxb6 Rxc2 36. Bd4 Rc4 $11) 35... Kf8 $16) 34... Bb2 35. Rg7+ ({Don't play} 35. Rxa7 $6 Bxc3 36. Bxc3 (36. Bxb6 Bxb4 37. Bd4 Bc3 $11) 36... Rxc3+ 37. Kf4 h6 $16) 35... Kf8 36. Rxh7 {Threatens to win with Rh8+.} Rc4 37. Rxa7 {Strongly threatening Bg7+.} Bxc3 38. Bxb6 (38. Bxc3 $142 Rxc3+ 39. Kf4) 38... Bxb4 39. Be3 {aiming for Ra4.} Be7 40. h4 Rg4 $2 {[%mdl 8192] Black cannot hold the game after this.} (40... Bf6 $16 {might work better.}) 41. Bh6+ $18 Ke8 42. Bf4 g5 $2 (42... Bf6 43. Rc7 Be7) 43. hxg5 Bxg5 44. Rg7 Bxf4 {Accuracy: White = 72%, Black = 42%.} 1-0

[Event "Bicaz City Cup 2020"]
[Site "Bicaz"]
[Date "2020.03.06"]
[Round "2.9"]
[White "Filip, Andrei"]
[Black "Matei, Stefan-Razvan"]
[Result "1-0"]
[WhiteElo "2103"]
[BlackElo "1685"]
[Annotator "TA"]
[PlyCount "79"]
[EventDate "2020.03.05"]
[EventType "swiss"]
[EventCountry "ROU"]
[SourceTitle "playchess.com"]
[Source "ChessBase"]
[SourceQuality "1"]

{[%evp 14,79,25,25,32,25,36,18,51,16,16,2,0,14,14,6,21,0,27,27,27,27,18,19,25,0,16,25,27,0,8,12,14,10,23,29,89,87,99,91,89,45,62,43,139,134,314,326,327,325,376,348,323,322,457,453,785,775,745,752,991,950,29983,29983,29982,29984,29985,29986]} 1. e4 c6 2. d4 d5 3. Nd2 dxe4 4. Nxe4 h6 5. Nf3 Bf5 6. Ng3 Bh7 7. Bd3 Bxd3 8. Qxd3 Nf6 {B18: Classical Caro-Kann: 4...Bf5 sidelines.} 9. Bd2 e6 10. O-O-O Qc7 {The position is equal.} 11. Ne4 Nbd7 12. g3 Nxe4 13. Qxe4 Nf6 14. Qe2 Bd6 {[#]} 15. Ne5 $146 ({Predecessor:} 15. c4 b6 16. Kb1 Qe7 17. Rhe1 Bb4 18. Bxb4 Qxb4 19. d5 cxd5 20. cxd5 Rd8 21. dxe6 Rxd1+ 22. Rxd1 {1-0 (47) Richardson,J (2248)-Makepeace,P (2077) London 2016}) 15... Bxe5 16. dxe5 Nd5 17. c4 Ne7 18. Bc3 O-O 19. Rd3 Rad8 20. Rhd1 c5 21. Qe3 b6 22. Qd2 {[%cal Rd3d8]} Nc6 23. Rd7 $36 {[%mdl 2048] White fights for an advantage.} Rxd7 (23... Qc8 {feels hotter.} 24. Rd6 Rxd6 25. exd6 Rd8 26. Qe2 Qb8) 24. Qxd7 Qxd7 (24... Rc8 $1 $11 {keeps the balance.}) 25. Rxd7 $11 {[%mdl 4096] Endgame KRB-KRN} Rc8 26. Kc2 Kf8 27. Kb3 Ke8 28. Rb7 $1 Ra8 {[#]} (28... Rd8 $14) 29. Ka4 $1 $16 Nd8 $2 {This move loses the game for Black.} (29... Rc8 $16 30. a3 g5) 30. Rc7 $18 a6 31. b4 {[%cal Bb2b4,Bb4c5][%mdl 32]} b5+ 32. cxb5 axb5+ 33. Kxb5 Rxa2 (33... Ra3 $142 34. Rxc5 Rxa2) 34. bxc5 Rxf2 (34... Ra8 $142 35. c6 Rb8+ 36. Kc5 g5) 35. Ba5 Rb2+ 36. Ka6 Rb1 37. Rc8 Rd1 38. Rxd8+ {White mates.} Rxd8 39. Bxd8 Kxd8 40. Kb7 {Accuracy: White = 84%, Black = 49%.} 1-0

[Event "Bicaz City Cup 2020"]
[Site "Bicaz"]
[Date "2020.03.06"]
[Round "2.10"]
[White "Racovita, Gheorghe"]
[Black "Vilcu, Matei-Stefan"]
[Result "1/2-1/2"]
[WhiteElo "1705"]
[BlackElo "2037"]
[Annotator "TA"]
[PlyCount "78"]
[EventDate "2020.03.05"]
[EventType "swiss"]
[EventCountry "ROU"]
[SourceTitle "playchess.com"]
[Source "ChessBase"]
[SourceQuality "1"]

{[%evp 19,78,-26,-29,-28,-4,-66,-66,-83,-74,-87,0,-8,-9,-6,3,0,0,-47,-33,-43,-46,-46,-38,-47,36,-15,0,-15,-18,-37,-26,-50,-50,-69,-57,-86,-96,-114,-92,-112,-8,-64,-20,-46,-25,-39,-24,-21,26,0,39,0,53,50,48,53,48,8,45,53,62]} 1. d4 g6 2. Nf3 Bg7 3. g3 d6 4. Bg2 Nf6 5. O-O O-O 6. c4 Nc6 7. Nc3 a6 8. h3 Rb8 9. Be3 b5 10. cxb5 axb5 11. Nd2 {E63: King's Indian: Fianchetto: Panno Variation with 7...a6.} Bd7 12. Nb3 (12. d5 $11 Na5 13. b4) 12... b4 $15 {[#]} 13. Nd5 $146 {Black is slightly better.} ({Predecessor:} 13. Nb1 e5 14. dxe5 Nxe5 15. N1d2 Re8 16. Ba7 Ra8 17. Bd4 Nc6 18. Be3 d5 19. Qc2 Rxe3 20. fxe3 {1-0 (41) Fuchs,H (2310)-Zeier,R Untergrombach 1999}) 13... Nxd5 14. Bxd5 Na7 (14... e5 $17 15. Bg2 Re8) 15. Bg2 Nb5 16. Qd2 e5 17. dxe5 Bxe5 18. Rfc1 c5 19. Bf4 Bxf4 20. Qxf4 Be6 21. e3 Qb6 (21... c4 $15 22. Nd4 Nxd4 23. Qxd4 Qb6) 22. Rd1 (22. Nd2 $14) 22... Rbc8 23. Nd2 d5 24. Nf3 f6 25. Qh6 Qa7 26. Nh4 Rfd8 27. Bf1 Nd6 28. Ng2 Qf7 29. g4 f5 (29... Qe7 $17 30. Ne1 f5) 30. Qh4 (30. Nf4 $11) 30... Ne4 {[#] Strongly threatening ...fxg4.} 31. f3 Nf6 (31... g5 {feels hotter.} 32. Qh6 Qf6 33. Qxf6 Nxf6 34. h4 h6) 32. Nf4 fxg4 33. hxg4 Rd6 34. Qg3 Rcd8 35. Nd3 Qa7 ({Black should try} 35... Qc7 $11) 36. Qf4 $1 $14 Bf7 37. Rac1 c4 38. Nxb4 Qb6 39. a3 d4 {Accuracy: White = 63%, Black = 57%.} 1/2-1/2

[Event "Bicaz City Cup 2020"]
[Site "Bicaz"]
[Date "2020.03.06"]
[Round "2.11"]
[White "Arghirescu, Andrei"]
[Black "Groapa, Aurelian"]
[Result "1-0"]
[WhiteElo "2015"]
[BlackElo "1656"]
[Annotator "TA"]
[PlyCount "55"]
[EventDate "2020.03.05"]
[EventType "swiss"]
[EventCountry "ROU"]
[SourceTitle "playchess.com"]
[Source "ChessBase"]
[SourceQuality "1"]

{[%evp 13,55,1,2,0,0,0,0,-6,108,108,108,108,108,110,110,110,120,22,22,20,19,19,34,0,0,0,0,0,11,20,17,0,8,4,28,22,27,0,162,162,402,385,753,752]} 1. Nc3 Nf6 2. e4 e5 3. Bc4 Bc5 4. Nf3 Nc6 5. d3 h6 6. O-O d6 7. h3 Na5 8. Bb3 {C50: Hungarian Defence and Giuoco Pianissimo.} Nxb3 9. axb3 a6 10. Be3 {The position is equal.} Ba7 (10... Bxe3 $11 11. fxe3 O-O) 11. Bxa7 $16 Rxa7 12. d4 exd4 13. Qxd4 {[#]} Ra8 $146 ({Predecessor:} 13... c5 14. Qd3 b6 15. Rfd1 Rd7 16. Rd2 O-O 17. Rad1 Re8 18. Nh2 b5 19. f3 Bb7 {1-0 (38) Varga,T (1776)-Gomori,M (1966) Hungary 2013}) 14. e5 dxe5 15. Qxd8+ (15. Qxe5+ $16 Qe7 16. Nb5 Qxe5 17. Nxe5) 15... Kxd8 $11 16. Nxe5 Ke7 17. Rfe1 {[#] Ng6+ is the strong threat.} Be6 18. f4 {Hoping for f5!} Rhe8 19. g4 Kf8 20. f5 Bd5 21. Rad1 $36 {[%mdl 2048] White has good play.} Rad8 22. h4 c6 23. Re3 Nd7 (23... Re7 {keeps more tension.} 24. Rde1 Kg8 25. b4 Rde8 26. R3e2 g5) 24. Nxd7+ Rxd7 25. Red3 Red8 $2 {[#]} (25... Rde7 $11 {and Black stays safe.}) 26. Na4 $1 $18 Ke7 $2 (26... Re8) 27. Nc5 Rd6 $2 (27... Be6 28. Nxd7 Bxd7) 28. Nxb7 {[%mdl 64] Double Attack. Accuracy: White = 76%, Black = 58%.} 1-0